Southville International School and Colleges
Your cart is empty.
  • Cart
  • Lists
    Public lists Eva Luna New books Lux_list list_1
    Your lists Log in to create your own lists
  • Log in to your account
  • Your cookies
  • Search history
Southville International School and Colleges
  • Advanced search
  • Recent comments
  • Most popular
  • Libraries

Log in to your account

Log in with GOOGLE


If you do not have an external account, but do have a local account, you can still log in:

  1. Home
  2. MARC view: Say cheese and die! /
Normal view MARC view ISBD view

Say cheese and die! / (Record no. 7760)

[ view plain ]
MARC details
000 -LEADER
fixed length control field 01145cam a2200349 a 4500
001 - CONTROL NUMBER
control field 2063983
003 - CONTROL NUMBER IDENTIFIER
control field OSt
005 - DATE AND TIME OF LATEST TRANSACTION
control field 20140310181945.0
008 - FIXED-LENGTH DATA ELEMENTS--GENERAL INFORMATION
fixed length control field 931221s1992 nyu j 000 1 eng d
010 ## - LIBRARY OF CONGRESS CONTROL NUMBER
LC control number 93245659
020 ## - INTERNATIONAL STANDARD BOOK NUMBER
International Standard Book Number 0590453688
Terms of availability $2.95 ($3.95 Can.)
035 ## - SYSTEM CONTROL NUMBER
System control number (OCoLC)268845920
040 ## - CATALOGING SOURCE
Original cataloging agency CoNgSD
Transcribing agency WaU
Modifying agency DLC
042 ## - AUTHENTICATION CODE
Authentication code lccopycat
-- lcac
050 00 - LIBRARY OF CONGRESS CALL NUMBER
Classification number PZ 7
Item number .St859 1992
082 00 - DEWEY DECIMAL CLASSIFICATION NUMBER
Classification number KF
Item number St5gs #4
100 1# - MAIN ENTRY--PERSONAL NAME
Personal name Stine, R. L.
9 (RLIN) 3762
245 10 - TITLE STATEMENT
Title Say cheese and die! /
Statement of responsibility, etc R.L. Stine.
260 ## - PUBLICATION, DISTRIBUTION, ETC. (IMPRINT)
Place of publication, distribution, etc New York :
Name of publisher, distributor, etc Scholastic,
Date of publication, distribution, etc c1992.
300 ## - PHYSICAL DESCRIPTION
Extent 132 p. ;
Dimensions 20 cm.
490 1# - SERIES STATEMENT
Series statement Goosebumps ;
Volume number/sequential designation #4
500 ## - GENERAL NOTE
General note "An Apple paperback."
520 ## - SUMMARY, ETC.
Summary, etc Strange things happen when Greg starts using the camera he and his friends found.
541 ## - IMMEDIATE SOURCE OF ACQUISITION NOTE
-- 1
562 ## - COPY AND VERSION IDENTIFICATION NOTE
Number of copies 1
650 #1 - SUBJECT ADDED ENTRY--TOPICAL TERM
Topical term or geographic name as entry element Horror stories.
9 (RLIN) 3825
710 2# - ADDED ENTRY--CORPORATE NAME
Corporate name or jurisdiction name as entry element Copyright Paperback Collection (Library of Congress)
Institution to which field applies DLC
9 (RLIN) 705
800 1# - SERIES ADDED ENTRY--PERSONAL NAME
Personal name Stine, R. L.
Title of a work Goosebumps ;
Volume/sequential designation #4.
9 (RLIN) 3826
906 ## - LOCAL DATA ELEMENT F, LDF (RLIN)
a 7
b cbc
c copycat
d 2
e ncip
f 19
g y-gencatlg
942 ## - ADDED ENTRY ELEMENTS (KOHA)
Source of classification or shelving scheme Library of Congress Classification
Koha item type
Call number prefix
Holdings
Withdrawn status Lost status Source of classification or shelving scheme Damaged status Home library Current library Shelving location Date acquired Total Checkouts Full call number Barcode Date last seen Date checked out Copy number Price effective from Koha item type Source of acquisition Sub Shelving location
    Dewey Decimal Classification   Elizalde Library Elizalde Library Fiction Section 03/12/2025   Fic St859 2016 E12488 03/12/2025     03/12/2025 Books Library Fund  
    Library of Congress Classification   Luxembourg Library Luxembourg Library Kids Fiction Section 07/25/2013 2 PZ 7 .St859 1992 11679 09/05/2017 08/25/2017 1 07/25/2013 Books    

Say cheese and die! /

APA

Stine R. L., Copyright Paperback Collection (Library of Congress), . (1992). Say cheese and die!. New York: Scholastic.

Chicago

Stine R L, Copyright Paperback Collection (Library of Congress), . 1992. Say cheese and die!. New York: Scholastic.

Harvard

Stine R. L., Copyright Paperback Collection (Library of Congress), . (1992). Say cheese and die!. New York: Scholastic.

MLA

Stine R L, Copyright Paperback Collection (Library of Congress), . Say cheese and die!. New York: Scholastic. 1992.

  • Place hold
  • Print
  • Cite
  • Add to your cart (remove)
  • Save record
    BIBTEX Dublin Core MARCXML MARC (non-Unicode/MARC-8) MARC (Unicode/UTF-8) MARC (Unicode/UTF-8, Standard) MODS (XML) RIS
  • More searches
    Search for this title in:
    Other Libraries (WorldCat) Other Databases (Google Scholar) Online Stores (Bookfinder.com) Open Library (openlibrary.org)

Exporting to Dublin Core...

SOUTHVILLE LIBRARY

Southville International School and Colleges Library

1281 Tropical Ave. Cor. Luxembourg St., BF Homes International, Las Pinas City

Tel. No. 8256374 / 252358 Loc. 117/146

Powered by Koha